| 000 | 00678nam a2200241Ia 4500 | ||
|---|---|---|---|
| 005 | 20231130095509.0 | ||
| 008 | 131103s9999 xx 000 0 und d | ||
| 020 |
_a8174872582 _cRs 495 |
||
| 040 | _aLoreto College | ||
| 041 | _aEnglish | ||
| 082 |
_a396 _bYAD |
||
| 245 |
_aPatterns of Gender Violence, _cEdited by Sushma Yadav, Anil Dutta Mishra |
||
| 260 |
_aNew Delhi _bRadha Publications _c2002 |
||
| 300 | _ax,236p | ||
| 504 | _aIncludes bibliographical references and index | ||
| 630 | _aGender Studies | ||
| 630 | _aWomen and Violence | ||
| 650 | _aFeminisism | ||
| 651 | _aWomen Studies | ||
| 700 | _aYadav, Sushma, ed | ||
| 850 | _aLCLIB | ||
| 942 | _cBK | ||
| 999 |
_c28564 _d79043 |
||